Statistics for Composer Profile: Ludwig van Beethoven

Click here to take the quiz!

General Stats

  • This quiz has been taken 31 times
    (26 since last reset)
  • The average score is 14 of 20

Answer Stats

HintAnswer% Correct
Though he spent most of his life in this Austrian city.Vienna
100%
In 1770, Beethoven was born in this German town.Bonn
95%
1865Piano piece dedicated to an unknown lover, posthumously published.Bagatelle in A Minor "{Für Elise}"
86%
1808Symphony with an often-quoted opening motif.Symphony No. {5}
86%
His compositions are considered important in bridging these two musical periods.Classical
82%
1801Piano sonata dedicated to a student and lover.No. 14 in C-sharp minor "{Quasi una Fantasia}" "{Moonlight Sonata}"
82%
Romantic
82%
1824His final symphony.Symphony No. 9 in D minor "{Choral}" ({Ode to Joy})
82%
This disability prevented him from performing in his later life.Deafness
77%
He received brief tuition from this famous classical composer.Joseph Haydn
77%
His third symphony was dedicated to this European leader, but was removed after his coronation as emperor.Napoleon Bonaparte
77%
1805His only opera.Fidelio
68%
1806Symphony featuring bird species played by different instrumentsSymphony No. 6 "{Pastorale}"
68%
1799Popular piano sonata.Piano Sonata No. 8 in C minor, Op. 13 "{Pathétique Sonata}"
64%
Instrument he played in a court orchestra a child.Viola
55%
His ninth symphony became the anthem of this international body.European Union
50%
His alcoholic and abusive father.Johann van Beethoven
50%
Nickname for his middle period due to its grandeur.Heroic
32%
Ten-page 1812 love letter to an unknown subject.Immortal Beloved
32%
His nephew, with whom he had a controlling relationship with.Karl van Beethoven
27%

Score Distribution

Percentile by Number Answered

Percent of People with Each Score

Your Score History

You have not taken this quiz since the last reset